The story of a lion hunt; (Record no. 124109)
[ view plain ]
| 000 -LEADER | |
|---|---|
| fixed length control field | 00927cam a22002411 4500 |
| 001 - CONTROL NUMBER | |
| control field | 6853895 |
| 003 - CONTROL NUMBER IDENTIFIER | |
| control field | ARRUPE |
| 005 - DATE AND TIME OF LATEST TRANSACTION | |
| control field | 20160209111510.0 |
| 008 - FIXED-LENGTH DATA ELEMENTS--GENERAL INFORMATION | |
| fixed length control field | 840306s1922 enkf 000 0 eng |
| 010 ## - LIBRARY OF CONGRESS CONTROL NUMBER | |
| LC control number | 23005544 |
| 035 ## - SYSTEM CONTROL NUMBER | |
| System control number | (OCoLC)10492461 |
| 040 ## - CATALOGING SOURCE | |
| Original cataloging agency | DLC |
| Transcribing agency | CLS |
| Modifying agency | DLC |
| 042 ## - AUTHENTICATION CODE | |
| Authentication code | premarc |
| 050 00 - LIBRARY OF CONGRESS CALL NUMBER | |
| Classification number | SPC D576.G3 |
| Item number | W5 |
| 300 ## - PHYSICAL DESCRIPTION | |
| Other physical details | front., plates. |
| Dimensions | 22 cm. |
| 100 1# - MAIN ENTRY--PERSONAL NAME | |
| Personal name | Wienholt, Arnold. |
| 9 (RLIN) | 22098 |
| 245 14 - TITLE STATEMENT | |
| Title | The story of a lion hunt; |
| Remainder of title | with some of the hunter's military adventures during the war, |
| Statement of responsibility, etc | by Arnold Wienholt ... with an introductory note by Lt.-Col. Humphrey Wienholt ... Six drawings by Walter Seed and photographs by the author. |
| 260 ## - PUBLICATION, DISTRIBUTION, ETC. (IMPRINT) | |
| Place of publication, distribution, etc | London, |
| -- | New York, |
| Name of publisher, distributor, etc | A. Melrose, ltd. |
| Date of publication, distribution, etc | [1922] |
| 300 ## - PHYSICAL DESCRIPTION | |
| Extent | 252 p.; |
| 650 #0 - SUBJECT ADDED ENTRY--TOPICAL TERM | |
| Topical term or geographic name as entry element | World War, 1914-1918 |
| General subdivision | Campaigns |
| Geographic subdivision | German East Africa. |
| 9 (RLIN) | 9470 |
| 650 #0 - SUBJECT ADDED ENTRY--TOPICAL TERM | |
| Topical term or geographic name as entry element | Hunting |
| Geographic subdivision | Africa. |
| 9 (RLIN) | 5256 |
| 906 ## - LOCAL DATA ELEMENT F, LDF (RLIN) | |
| a | 7 |
| b | cbc |
| c | oclcrpl |
| d | u |
| e | ncip |
| f | 19 |
| g | y-gencatlg |
| 942 ## - ADDED ENTRY ELEMENTS (KOHA) | |
| Source of classification or shelving scheme | Library of Congress Classification |
| Koha item type | Monograph ( Printed materials) |
| Withdrawn status | Lost status | Source of classification or shelving scheme | Damaged status | Not for loan | Collection code | Home library | Current library | Shelving location | Date acquired | Total Checkouts | Full call number | Barcode | Date last seen | Price effective from | Koha item type |
|---|---|---|---|---|---|---|---|---|---|---|---|---|---|---|---|
| Library of Congress Classification | SPECIAL Collection | ARRUPE LIBRARY | ARRUPE LIBRARY | Main Collection | 09/02/2016 | SPC D576.G3W5 | 46500006819 | 09/02/2016 | 09/02/2016 | SPC |